000 00550nam a22001937a 4500
003 CEME
005 20210628202758.0
008 210120b xxu||||| |||| 00| 0 eng d
020 _a0-07-240766-2
040 _cceme
082 _a302.23 DOM
100 _aDominick, Joseph R
_937544
245 _aThe dynamics of mass communication ,media in the digital age
250 _a7TH
260 _aRAWALPINID
_bMCGRAW HILL
_c2002
300 _aXXXII,540 P
650 _aMASS MEDIA. MASS COMMUNICATION.MEDIA IN THE DIGITAL AGE
_961580
942 _cBK
_2ddc
999 _c570986
_d570986